[Event "9. London Chess Classic 2017"]
[Site "Londres ENG"]
[Date "2017.12.01"]
[Round "1.2"]
[White "Carlsen, Magnus"]
[Black "Caruana, Fabiano"]
[Result "1/2-1/2"]
[WhiteElo "2837"]
[BlackElo "2799"]
[PlyCount "108"]
[EventDate "2017.12.01"]
[EventType "tourn"]
[EventRounds "9"]
[EventCountry "ENG"]
[EventCategory "22"]
[SourceTitle "Ajedrez en Madrid"]
[Source "lmi"]
[SourceDate "2017.12.01"]
[SourceVersion "1"]
[SourceVersionDate "2017.12.12"]
[SourceQuality "1"]

1. d4 d5 2. c4 dxc4 3. e3 Nf6 4. Bxc4 e6 5. Nf3 c5 6. O-O a6 7. Be2 Nbd7 8. Nc3
b6 9. e4 cxd4 10. Nxd4 Bb7 11. Be3 Bc5 12. f3 O-O 13. Qe1 Rc8 14. Qf2 b5 15.
Rac1 Qe7 16. a4 bxa4 17. Nxa4 Bd6 18. Nb3 Bc6 19. Nc3 Rb8 20. Na5 Ba8 21. Nc4
Bc5 22. Rfd1 Rfc8 23. Na4 Bxe3 24. Qxe3 Qb4 25. Qa3 h6 26. Kf1 g5 27. Rc3 a5
28. Qxb4 axb4 29. Rcc1 Kf8 30. Na5 Ke7 31. Kf2 Rxc1 32. Rxc1 Ne8 33. Ke3 Nd6
34. Nc5 Rc8 35. Nab3 f5 36. Nxd7 Rxc1 37. Nxc1 Kxd7 38. Nd3 fxe4 39. fxe4 Ke7
40. e5 Nf5+ 41. Kf2 Nd4 42. Bd1 b3 43. Nb4 Bd5 44. g3 Bc4 45. Ke3 Nf5+ 46. Ke4
Kd7 47. g4 Ne7 48. Kd4 Bf1 49. Bxb3 Be2 50. h3 Bf1 51. Nd3 Nc6+ 52. Kc5 Bxd3
53. Ba4 Be4 54. Kb6 Bd5 1/2-1/2

[Event "9. London Chess Classic 2017"]
[Site "Londres ENG"]
[Date "2017.12.03"]
[Round "2.1"]
[White "So, Wesley"]
[Black "Nepomniachtchi, Ian"]
[Result "1/2-1/2"]
[WhiteElo "2788"]
[BlackElo "2729"]
[PlyCount "53"]
[EventDate "2017.12.01"]
[EventType "tourn"]
[EventRounds "9"]
[EventCountry "ENG"]
[EventCategory "22"]
[SourceTitle "Ajedrez en Madrid"]
[Source "lmi"]
[SourceDate "2017.12.01"]
[SourceVersion "1"]
[SourceVersionDate "2017.12.12"]
[SourceQuality "1"]

1. d4 Nf6 2. c4 g6 3. f3 d6 4. e4 e5 5. Ne2 c5 6. d5 Nbd7 7. Nbc3 a6 8. a4 Nh5
9. g3 Bg7 10. h4 f5 11. exf5 gxf5 12. g4 fxg4 13. fxg4 Nf4 14. g5 O-O 15. Ne4
Nb6 16. N2g3 Bd7 17. Rg1 Kh8 18. Bd2 Nc8 19. Nh5 Bf5 20. Neg3 Qd7 21. Nxg7 Qxg7
22. Nxf5 Rxf5 23. Qb3 Na7 24. Qb6 Nc8 25. Qb3 Na7 26. Qb6 Nc8 27. Qb3 1/2-1/2

[Event "9. London Chess Classic 2017"]
[Site "Londres ENG"]
[Date "2017.12.04"]
[Round "3.2"]
[White "Aronian, Levon"]
[Black "Karjakin, Sergey"]
[Result "1/2-1/2"]
[WhiteElo "2805"]
[BlackElo "2782"]
[PlyCount "65"]
[EventDate "2017.12.01"]
[EventType "tourn"]
[EventRounds "9"]
[EventCountry "ENG"]
[EventCategory "22"]
[SourceTitle "Ajedrez en Madrid"]
[Source "lmi"]
[SourceDate "2017.12.01"]
[SourceVersion "1"]
[SourceVersionDate "2017.12.12"]
[SourceQuality "1"]

1. d4 Nf6 2. c4 e6 3. g3 Bb4+ 4. Bd2 Be7 5. Bg2 d5 6. Nf3 O-O 7. O-O Nbd7 8.
Na3 c6 9. Rc1 Ne4 10. Be3 f5 11. Rc2 a5 12. Qc1 Bf6 13. Rd1 g5 14. Nb1 Rf7 15.
Nc3 Rg7 16. Ne1 Nd6 17. b3 dxc4 18. Na4 cxb3 19. axb3 Nb5 20. Nd3 Qe8 21. Ne5
f4 22. gxf4 gxf4 23. Bxf4 Nxd4 24. Rxd4 Nxe5 25. Rd1 Qg6 26. Bg3 h5 27. Nb6 Rb8
28. Rcd2 Nf7 29. Qc5 e5 30. Qc4 Kh8 31. h4 Bf5 32. Nd7 Rbg8 33. Kh1 1/2-1/2

[Event "9. London Chess Classic 2017"]
[Site "Londres ENG"]
[Date "2017.12.04"]
[Round "3.3"]
[White "Carlsen, Magnus"]
[Black "Anand, Viswanathan"]
[Result "1/2-1/2"]
[WhiteElo "2874"]
[BlackElo "2770"]
[PlyCount "62"]
[EventDate "2017.12.01"]
[EventType "tourn"]
[EventRounds "9"]
[EventCountry "ENG"]
[EventCategory "22"]
[SourceTitle "Ajedrez en Madrid"]
[Source "lmi"]
[SourceDate "2017.12.01"]
[SourceVersion "1"]
[SourceVersionDate "2017.12.12"]
[SourceQuality "1"]

1. d4 Nf6 2. c4 e6 3. g3 d5 4. Bg2 dxc4 5. Nf3 c5 6. O-O Nc6 7. Na3 cxd4 8.
Nxc4 Bc5 9. b3 Qe7 10. Nfe5 Nxe5 11. Nxe5 Nd7 12. Bf4 O-O 13. Rc1 Rd8 14. Nd3
Bb6 15. Bc7 Re8 16. Qc2 e5 17. Rfd1 Nf8 18. a4 Bg4 19. Bxb6 axb6 20. h3 Rac8
21. Qd2 Be6 22. Nxe5 Rxc1 23. Rxc1 Bxb3 24. Nf3 Bxa4 25. Nxd4 Ne6 26. Nf5 Qf6
27. Ne3 Qd4 28. Qa2 Nc5 29. Rc4 Bb3 30. Rxd4 Bxa2 31. Rb4 Re6 1/2-1/2

[Event "9. London Chess Classic 2017"]
[Site "Londres ENG"]
[Date "2017.12.04"]
[Round "3.4"]
[White "Adams, Michael"]
[Black "Vachier-Lagrave, Maxime"]
[Result "1/2-1/2"]
[WhiteElo "2727"]
[BlackElo "2804"]
[PlyCount "116"]
[EventDate "2017.12.01"]
[EventType "tourn"]
[EventRounds "9"]
[EventCountry "ENG"]
[EventCategory "22"]
[SourceTitle "Ajedrez en Madrid"]
[Source "lmi"]
[SourceDate "2017.12.01"]
[SourceVersion "1"]
[SourceVersionDate "2017.12.12"]
[SourceQuality "1"]

1. e4 c5 2. Nf3 d6 3. Bb5+ Nd7 4. a4 Ngf6 5. Nc3 a6 6. Bc4 Qa5 7. Ra3 e6 8. O-O
Be7 9. Re1 O-O 10. d3 Qc7 11. a5 b5 12. axb6 Nxb6 13. e5 dxe5 14. Nxe5 Bd6 15.
Bf4 Nxc4 16. dxc4 Bb7 17. Bg3 Rad8 18. Qe2 Rfe8 19. Raa1 Ne4 20. Nxe4 Bxe5 21.
Qh5 Bxg3 22. hxg3 Bxe4 23. Rxe4 Qb7 24. Ree1 Qxb2 25. Qxc5 Rc8 26. Qa3 Qxa3 27.
Rxa3 Rxc4 28. Rxa6 Rxc2 29. g4 Rb8 30. Rea1 Rcc8 31. Ra7 g6 32. Kh2 Rc4 33.
R1a4 Rxa4 34. Rxa4 Rb5 35. Kg3 Kg7 36. Ra7 h5 37. gxh5 Rxh5 38. Kf3 Rf5+ 39.
Ke3 Rb5 40. g4 Rb3+ 41. Kf4 Rb4+ 42. Kg3 g5 43. f3 Kg6 44. Rc7 Rb6 45. Ra7 Rd6
46. Rc7 f5 47. gxf5+ exf5 48. Rc2 Rd3 49. Kf2 Ra3 50. Rb2 Kh5 51. Kg2 Kh4 52.
Rb4+ f4 53. Rb2 g4 54. fxg4 Kxg4 55. Kf2 Rh3 56. Kg2 f3+ 57. Kg1 Kg3 58. Rg2+
fxg2 1/2-1/2

[Event "9. London Chess Classic 2017"]
[Site "Londres ENG"]
[Date "2017.12.05"]
[Round "4.5"]
[White "Karjakin, Sergey"]
[Black "Caruana, Fabiano"]
[Result "0-1"]
[WhiteElo "2760"]
[BlackElo "2799"]
[PlyCount "84"]
[EventDate "2017.12.01"]
[EventType "tourn"]
[EventRounds "9"]
[EventCountry "ENG"]
[EventCategory "22"]
[SourceTitle "Ajedrez en Madrid"]
[Source "lmi"]
[SourceDate "2017.12.01"]
[SourceVersion "1"]
[SourceVersionDate "2017.12.12"]
[SourceQuality "1"]

1. e4 c5 2. Nf3 e6 3. d4 cxd4 4. Nxd4 Nc6 5. Nc3 Qc7 6. Be3 a6 7. Qf3 Ne5 8.
Qg3 b5 9. O-O-O Nf6 10. f4 Neg4 11. Bg1 h5 12. e5 b4 13. Na4 Nd5 14. Nb3 Bb7
15. Nac5 Bc6 16. Ne4 f5 17. h3 h4 18. Qe1 fxe4 19. hxg4 Nxf4 20. Rxh4 Rxh4 21.
Qxh4 Qxe5 22. Bd4 Ng6 23. Qh3 Qg5+ 24. Kb1 Bd5 25. Bg1 Be7 26. g3 Ne5 27. Be2
Nf3 28. Bxf3 exf3 29. Bd4 Kf7 30. Nc1 d6 31. Nd3 e5 32. Bf2 Be6 33. Nxb4 e4 34.
Qh1 Rc8 35. Nxa6 Qa5 36. Qh5+ Qxh5 37. gxh5 Bg5 38. Re1 Bc4 39. Nb4 Re8 40. Re3
Bxe3 41. Bxe3 Re5 42. g4 Rg5 0-1

[Event "9. London Chess Classic 2017"]
[Site "Londres ENG"]
[Date "2017.12.06"]
[Round "5.2"]
[White "Caruana, Fabiano"]
[Black "Anand, Viswanathan"]
[Result "1-0"]
[WhiteElo "2799"]
[BlackElo "2782"]
[PlyCount "77"]
[EventDate "2017.12.01"]
[EventType "tourn"]
[EventRounds "9"]
[EventCountry "ENG"]
[EventCategory "22"]
[SourceTitle "Ajedrez en Madrid"]
[Source "lmi"]
[SourceDate "2017.12.01"]
[SourceVersion "1"]
[SourceVersionDate "2017.12.12"]
[SourceQuality "1"]

1. e4 e5 2. Nf3 Nc6 3. Bb5 Nf6 4. d3 Bc5 5. Nc3 O-O 6. Bxc6 dxc6 7. h3 Nd7 8.
Be3 Bd6 9. Ne2 Re8 10. g4 Nc5 11. Ng3 Ne6 12. Nf5 c5 13. h4 a5 14. h5 Ra6 15.
Qd2 Nd4 16. Rh3 Bf8 17. O-O-O Be6 18. Kb1 f6 19. c3 Nxf3 20. Rxf3 c4 21. Qc2
cxd3 22. Rxd3 Qc8 23. g5 fxg5 24. Bxg5 Bf7 25. h6 gxh6 26. Bc1 Qe6 27. b3 a4
28. c4 axb3 29. axb3 Qc6 30. Rg3+ Kh8 31. Rd1 b5 32. c5 b4 33. Bb2 Bg6 34. Rd5
Qb5 35. Rg1 c6 36. Rxe5 Rxe5 37. Bxe5+ Kg8 38. Bd4 Kf7 39. Nh4 1-0

[Event "9. London Chess Classic 2017"]
[Site "Londres ENG"]
[Date "2017.12.08"]
[Round "6.1"]
[White "Adams, Michael"]
[Black "Nepomniachtchi, Ian"]
[Result "0-1"]
[WhiteElo "2715"]
[BlackElo "2729"]
[PlyCount "156"]
[EventDate "2017.12.01"]
[EventType "tourn"]
[EventRounds "9"]
[EventCountry "ENG"]
[EventCategory "22"]
[SourceTitle "Ajedrez en Madrid"]
[Source "lmi"]
[SourceDate "2017.12.01"]
[SourceVersion "1"]
[SourceVersionDate "2017.12.12"]
[SourceQuality "1"]

1. e4 c5 2. Nf3 d6 3. d4 cxd4 4. Nxd4 Nf6 5. Nc3 a6 6. a4 g6 7. Be2 Bg7 8. O-O
O-O 9. Be3 Nc6 10. Qd2 Nxd4 11. Bxd4 Be6 12. a5 Rc8 13. Rfd1 Qc7 14. h3 Rfe8
15. Ra3 Nd7 16. Bxg7 Kxg7 17. Qd4+ Kg8 18. Rd2 Qc5 19. Qxc5 Rxc5 20. Nd5 Bxd5
21. exd5 b5 22. axb6 Nxb6 23. Rxa6 Nxd5 24. c3 Nc7 25. Rb6 d5 26. Rb7 e6 27.
Rd3 Na8 28. Rd4 Rc7 29. Rdb4 Kg7 30. f4 Ree7 31. Rxc7 Rxc7 32. Rb8 Ra7 33. b4
Nc7 34. b5 Ra8 35. Rb7 Ne8 36. c4 Nd6 37. Rc7 dxc4 38. Bxc4 Ra1+ 39. Kf2 Rc1
40. b6 Nxc4 41. b7 Rb1 42. Rxc4 Rxb7 43. Ra4 h6 44. Ra5 Rb2+ 45. Kf3 Rb3+ 46.
Kf2 Rd3 47. h4 Rd5 48. Ra7 g5 49. hxg5 hxg5 50. fxg5 Rxg5 51. g3 Kg6 52. Kf3
Rf5+ 53. Kg2 Rb5 54. Re7 e5 55. Kf2 f6 56. Re8 Kf5 57. Rf8 Rb3 58. Kg2 Rb2+ 59.
Kf3 Rb3+ 60. Kg2 Ke6 61. Kf2 Ra3 62. Re8+ Kf5 63. Rf8 Ra7 64. Kf3 Rg7 65. Re8
Kg5 66. Re6 Rg8 67. Re7 Kf5 68. Rh7 Ra8 69. Rh5+ Kg6 70. Rh4 f5 71. Rb4 Kg5 72.
Rb7 e4+ 73. Ke3 Ra3+ 74. Kf2 Ra2+ 75. Ke3 Kg4 76. Rg7+ Kh3 77. Rg5 Ra3+ 78. Kf2
Rf3+ 0-1

[Event "9. London Chess Classic 2017"]
[Site "Londres ENG"]
[Date "2017.12.08"]
[Round "6.3"]
[White "So, Wesley"]
[Black "Aronian, Levon"]
[Result "1/2-1/2"]
[WhiteElo "2788"]
[BlackElo "2805"]
[PlyCount "75"]
[EventDate "2017.12.01"]
[EventType "tourn"]
[EventRounds "9"]
[EventCountry "ENG"]
[EventCategory "22"]
[SourceTitle "Ajedrez en Madrid"]
[Source "lmi"]
[SourceDate "2017.12.01"]
[SourceVersion "1"]
[SourceVersionDate "2017.12.12"]
[SourceQuality "1"]

1. e4 e5 2. Nf3 Nc6 3. Bb5 a6 4. Ba4 Nf6 5. O-O Be7 6. Re1 b5 7. Bb3 O-O 8. a4
b4 9. d4 d6 10. dxe5 dxe5 11. Nbd2 Bc5 12. a5 Be6 13. Bxe6 fxe6 14. Qe2 Ng4 15.
Rf1 Bxf2+ 16. Rxf2 Nd4 17. Qc4 Nxf2 18. Kxf2 Qh4+ 19. Kg1 Qg4 20. h3 Qg3 21.
Qd3 Rxf3 22. Nxf3 Rf8 23. Nxd4 Qe1+ 24. Kh2 Rf1 25. Qxf1 Qxf1 26. Nf3 c5 27. b3
Qd1 28. Bb2 Qxc2 29. Bxe5 Qxb3 30. Rf1 h6 31. Rf2 c4 32. Rd2 c3 33. Rd8+ Kf7
34. Rc8 Qb1 35. Rc7+ Ke8 36. Rc8+ Kf7 37. Rc7+ Ke8 38. Rc8+ 1/2-1/2

[Event "9. London Chess Classic 2017"]
[Site "Londres ENG"]
[Date "2017.12.10"]
[Round "8.1"]
[White "Carlsen, Magnus"]
[Black "Nepomniachtchi, Ian"]
[Result "0-1"]
[WhiteElo "2837"]
[BlackElo "2729"]
[PlyCount "80"]
[EventDate "2017.12.01"]
[EventType "tourn"]
[EventRounds "9"]
[EventCountry "ENG"]
[EventCategory "22"]
[SourceTitle "Ajedrez en Madrid"]
[Source "lmi"]
[SourceDate "2017.12.01"]
[SourceVersion "1"]
[SourceVersionDate "2017.12.12"]
[SourceQuality "1"]

1. Nf3 c5 2. c3 d5 3. d4 cxd4 4. cxd4 Nc6 5. Nc3 Nf6 6. Bf4 Nh5 7. Bd2 Nf6 8.
e3 e6 9. Bd3 Bd6 10. e4 dxe4 11. Nxe4 Be7 12. O-O O-O 13. Qc2 h6 14. Rad1 Bd7
15. a3 Rc8 16. Nc3 a6 17. Qc1 Re8 18. Rfe1 Bf8 19. Bf4 b5 20. Qd2 b4 21. axb4
Nxb4 22. Ne5 Nxd3 23. Qxd3 a5 24. Qf3 Bb4 25. Re3 Bxc3 26. bxc3 Ba4 27. Ra1 Bc2
28. h3 Bf5 29. g4 Bh7 30. c4 Nd7 31. Nc6 Qf6 32. Nxa5 Nb6 33. c5 Rxc5 34. dxc5
Qxa1+ 35. Kh2 Qxa5 36. Qc6 Qa4 37. Qxa4 Nxa4 38. c6 Nb6 39. c7 f6 40. Rb3 Nc8
0-1

[Event "9. London Chess Classic 2017"]
[Site "Londres ENG"]
[Date "2017.12.11"]
[Round "9.1"]
[White "Nepomniachtchi, Ian"]
[Black "Vachier-Lagrave, Maxime"]
[Result "1/2-1/2"]
[WhiteElo "2729"]
[BlackElo "2789"]
[PlyCount "38"]
[EventDate "2017.12.01"]
[EventType "tourn"]
[EventRounds "9"]
[EventCountry "ENG"]
[EventCategory "22"]
[SourceTitle "Ajedrez en Madrid"]
[Source "lmi"]
[SourceDate "2017.12.01"]
[SourceVersion "1"]
[SourceVersionDate "2017.12.12"]
[SourceQuality "1"]

1. Nf3 c5 2. c4 Nc6 3. d4 cxd4 4. Nxd4 Nf6 5. Nc3 e6 6. Bf4 d5 7. e3 Bb4 8. Be2
Bd7 9. Ndb5 e5 10. Bg5 a6 11. a3 axb5 12. axb4 Rxa1 13. Qxa1 dxc4 14. O-O O-O
15. Rd1 Qe7 16. Nd5 Qe6 17. Nc7 Qe7 18. Nd5 Qe6 19. Nc7 Qe7 1/2-1/2

[Event "9. London Chess Classic 2017"]
[Site "Londres ENG"]
[Date "2017.12.11"]
[Round "9.2"]
[White "Anand, Viswanathan"]
[Black "So, Wesley"]
[Result "0-1"]
[WhiteElo "2782"]
[BlackElo "2788"]
[PlyCount "66"]
[EventDate "2017.12.01"]
[EventType "tourn"]
[EventRounds "9"]
[EventCountry "ENG"]
[EventCategory "22"]
[SourceTitle "Ajedrez en Madrid"]
[Source "lmi"]
[SourceDate "2017.12.01"]
[SourceVersion "1"]
[SourceVersionDate "2017.12.12"]
[SourceQuality "1"]

1. e4 e5 2. Nf3 Nc6 3. Bc4 Bc5 4. O-O Nf6 5. d3 O-O 6. a4 h6 7. c3 a5 8. Nbd2
d6 9. h3 Be6 10. Re1 Bxc4 11. Nxc4 Re8 12. Be3 Bxe3 13. Nxe3 Qd7 14. Qb3 Ne7
15. Nc4 Ng6 16. Rad1 b6 17. Qc2 d5 18. exd5 Qxd5 19. b3 Rad8 20. d4 exd4 21.
Rxd4 Rxe1+ 22. Nxe1 Qa8 23. Rxd8+ Qxd8 24. Qd3 Qe7 25. Nc2 Nf4 26. Qd2 N6d5 27.
Kf1 Nxc3 28. N4e3 Ne4 29. Qd4 c5 30. Qd1 Qf6 31. Ng4 Qc3 32. Nce3 h5 33. Nh2
Qb2 0-1